000 00823nam a2200265 i 4500
003 DO-SdBNP
005 20231109093247.0
006 a||||gr|||| 00| 0
007 ta
008 230523e2022 dr |||gr|||| 001 edspa d
020 _a9789945934366
040 _aDO-SdBNP
_bspa
_cBNPHU
_erda
082 4 _222
_bG277b
100 1 _928986
_aGautreaux Piñeyro, Bonaparte,
_eautor
245 1 0 _aTertulia :
_bel gobierno constitucional en armas /
_cBonaparte Gautreaux Piñeyro
264 1 _aSanto Domingo :
_bMuseo Memorial de la Resistencia Dominicana,
_c2022.
300 _a81 páginas ;
_c21 cm.
336 _2rdaconten
_atexto
_btxt
337 _2rdamedia
_asin medición
_bn
338 _2rdacarrier
_avolumen
_bnc
490 _aTertulia
_v10
590 _aInventariado, 2023/BT
910 _aBtavárez
942 _2ddc
_cLBS1
999 _c53598
_d53598